000 00689nam a2200289Ia 4500
005 20260324112234.0
008 008 260324s9999 xx 000 0 eng d
020 _a9781032708591
037 _aEBOOK
040 _aCRL
040 _beng
040 _cCRL
041 _2eng
041 _aeng
084 _qCRL
100 _aMariano Horenstein
_91141860
245 0 _aArtists, Writers and Philosophers on Psychoanalysis
245 0 _bFrom the Couch
260 _bTaylor and Francis
260 _c2024
365 _a
365 _b205
856 _uhttp://www.taylorfrancis.com/books/9781032708591
942 _cEBOOK
999 _c1730998
_d1730998